000 00500 a2200181 4500
003 OSt
005 20231207085218.0
008 231207b |||||||| |||| 00| 0 eng d
020 _a9789354324314
040 _coclc
082 _a894.8123
_bSIV/R
100 _aSivasankar, Rajeev
_96471
245 _aRebecca /
_cRajeev Sivashankar
250 _a2nd ed.
260 _aKottayam:
_bD C Books,
_c2021.
300 _a224p.
942 _2ddc
_cBK
_h894.8123
_iSIV/R
_k894.8123
_mSIV/R
999 _c44008
_d44008